000 00488nam a2200181Ia 4500
003 GCL
008 140319s9999 xx 000 0 ara d
040 _aGCL /
_cGCL
082 0 4 _a921.95
_bع س
100 1 _aعلى حافظ بهنسى
245 1 0 _aسقراط /
_cعلى حافظ بهنسى
300 _a141 ص
490 _aاقرأ
_v0
650 0 4 _aالفلاسفةاليونانيون
650 0 4 _aالفلسفة اليونانية
650 0 4 _aسقراط
942 _2ddc
_cBK
999 _c41115
_d41115